000 00601nam a2200205 a 4500
999 _c20100
_d20100
005 20180309150633.0
008 920131s1998 nyu 001 0 eng d
020 _a0716728818
040 _aCO-BoIAVH
_cCO-BoIAVH
041 _aeng
044 _axxu
082 _a615.1901
_bH31q
100 1 _aHarris, Daniel C.,
_d1948-
245 1 0 _aQuantitative chemical analysis /
_cDaniel C. Harris
250 _aQuinta edición
260 _aNew York :
_bW.H. Freeman,
_c1998.
300 _a1100 p.
_bilustraciones ;
_c26 cm
650 0 _aChemistry, Analytic
_xQuantitative
942 _2ddc
_cLIBRO